| 000 | 00377nam a2200133Ia 4500 | ||
|---|---|---|---|
| 008 | 220217s9999||||xx |||||||||||||| ||und|| | ||
| 020 | _a81-88057-06-1 | ||
| 082 | _a005.73 RAD | ||
| 100 |
_aRadhakrishnan, M Srinivasan, V _93852 |
||
| 245 | 0 | _aDatastructures using C | |
| 260 |
_aLearning meterials centre _bNew Delhi _c2001 |
||
| 300 | _b290 | ||
| 650 | _aDATA STRUCTURES | ||
| 999 |
_c173009 _d173009 |
||